000
00396nam a2200133Ia 4500
008
151001s9999||||xx |||||||||||||| ||und||
100
_a
सी गो प्रभू
245
_a
फुलला पारिजात प्रीतीचा
250
_a
1
260
_b
त्रिदल प्रकाशन मुंबई
260
_c
1971
300
_a
80
365
_b
18
999
_c
981742
_d
981739